| 000 | 01019nam a2200193Ii 4500 | ||
|---|---|---|---|
| 003 | JO-AjNU | ||
| 008 | 230605s9999||||xx |||||||||||||| ||und|| | ||
| 040 |
_aJO-AjNU _bara _erda _cJO-AjNU |
||
| 041 | _aara | ||
| 050 | 1 | 4 | _aBP144.F8 1978 |
| 100 | 3 |
_aبن موسى، صالح بن محمد بن نوح بن عبد الله بن عمر, _eauthor _910324 |
|
| 245 | 0 | 0 | _aإيقاظ أولي الأبصار للإقتداء بسيد المهاجرين والأنصار وتحذيرهم عن الإبتداع الشائع في القرى والأمصار من تقليد المذاهب مع الحمية والعصبية بين فقهاء الإعصار |
| 264 | 3 | 1 | _aبيروت: دار المعرفة للطباعة والنشر، 1978 |
| 300 |
_a170ص _bيشتمل على فهرست ، يشتمل على ترجمة مؤلف الكتاب |
||
| 336 |
_atext _btxt _2rdacontent |
||
| 337 |
_aunmediated _bn _2rdamedia |
||
| 338 |
_avolume _bnc _2rdacarrier |
||
| 650 | 4 |
_aالسنة- اصول الفقه الاسلامي _910325 |
|
| 999 |
_aA1749 _c5317 _d5317 |
||